| 000 | 00842nam a22002057a 4500 | ||
|---|---|---|---|
| 999 |
_c10536 _d10536 |
||
| 003 | AR-CdUCM | ||
| 008 | 190401b ||||| |||| 00| 0 spa d | ||
| 040 |
_aMUNICIPALIDAD PROVINCIAL DEL CUSCO _cBIBLIOTECA MUNICIPAL DEL CUSCO |
||
| 082 |
_a913.85 / _bEN61 / |
||
| 100 |
_aEngel, Fréderic, _927465 |
||
| 245 | _aElementos de prehistoria peruana / | ||
| 260 | _aLima. | ||
| 300 |
_a64 paginas ; _c20 cm. |
||
| 505 | _aContenido : Métodos para el adelanto de los conocimientos en el ramo de la prehistoria; técnicas arqueológicas -- Síntesis sobre el Perú prehistórico -- Visión retrospectiva de la vida prehistórica del Perú; sus elementos espirituales y materiales. | ||
| 650 |
_aPerú _943913 |
||
| 650 |
_aTécnicas Arqueológicas _927466 |
||
| 650 |
_aPrehistoria Peruana _927467 |
||
| 942 |
_2ddc _cLIBROS |
||
| 945 | _awnts | ||